000
002940000a22001330004500
003
MACL
040
_a
MACL
090
_c
37723
_d
37721
100
_a
Cox, Sir Edmund C
245
_a
My Thirty Years in India
260
_b
Mills & Boon Limited
_c
1909
650
_a
History
942
_c
BOOK
_k
954/COX
999
_c
37320
_d
37320